MARC details
| 000 -LEADER |
| fixed length control field |
01954cam a2200397 a 4500 |
| 001 - CONTROL NUMBER |
| control field |
14075181 |
| 003 - CONTROL NUMBER IDENTIFIER |
| control field |
BDDh-ASL |
| 005 - DATE AND TIME OF LATEST TRANSACTION |
| control field |
20231015031347.0 |
| 008 - FIXED-LENGTH DATA ELEMENTS--GENERAL INFORMATION |
| fixed length control field |
050815s2005 gau 000 0deng |
| 010 ## - LIBRARY OF CONGRESS CONTROL NUMBER |
| LC control number |
2005022975 |
| 020 ## - INTERNATIONAL STANDARD BOOK NUMBER |
| International Standard Book Number |
0932863442 (alk. paper) |
| 020 ## - INTERNATIONAL STANDARD BOOK NUMBER |
| International Standard Book Number |
9780932863447 (alk. paper) |
| 035 ## - SYSTEM CONTROL NUMBER |
| System control number |
(OCoLC)ocm61303362 |
| 035 ## - SYSTEM CONTROL NUMBER |
| System control number |
(OCoLC)61303362 |
| 040 ## - CATALOGING SOURCE |
| Original cataloging agency |
DLC |
| Transcribing agency |
BDDh-ASL |
| Modifying agency |
DLC |
| 043 ## - GEOGRAPHIC AREA CODE |
| Geographic area code |
n-us--- |
| 050 00 - LIBRARY OF CONGRESS CALL NUMBER |
| Classification number |
BP221 |
| Item number |
.W28 2005 |
| 082 00 - DEWEY DECIMAL CLASSIFICATION NUMBER |
| Classification number |
297.8709 |
| Edition number |
22 |
| Item number |
WAI |
| 084 ## - OTHER CLASSIFICATION NUMBER |
| Classification number |
71.62 |
| Number source |
bcl |
| 100 1# - MAIN ENTRY--PERSONAL NAME |
| Personal name |
Walker, Dennis. |
| 245 10 - TITLE STATEMENT |
| Title |
Islam and the search for African-American nationhood : |
| Remainder of title |
Elijah Muhammad, Louis Farrakhan, and the Nation Of Islam / |
| Statement of responsibility, etc. |
by Dennis Walker. |
| 260 ## - PUBLICATION, DISTRIBUTION, ETC. |
| Place of publication, distribution, etc. |
Atlanta : |
| Name of publisher, distributor, etc. |
Clarity Press, |
| Date of publication, distribution, etc. |
c2005. |
| 300 ## - PHYSICAL DESCRIPTION |
| Extent |
597 p. ; |
| Dimensions |
23 cm. |
| 504 ## - BIBLIOGRAPHY, ETC. NOTE |
| Bibliography, etc. note |
Includes bibliographical references and index. |
| 505 0# - FORMATTED CONTENTS NOTE |
| Formatted contents note |
The Nation of Islam and its successors after 1975 : from millenarian protest to transcontinental relationships -- African Islam in the evolution of the African-American nation : formation and development of America's multi-ethnic society -- The difficult rebirth of Islam among African-Americans, 1900-1950 -- The heyday of Elijah : his articulation of ideology in the 1960s and 1970s -- Elijah Muhammad's Muslims in a changing America -- The rise of Farrakhan in Elijah's Noi -- Farrakhan's changing post-1990 nation of Islam. |
| 600 00 - SUBJECT ADDED ENTRY--PERSONAL NAME |
| Personal name |
Elijah Muhammad, |
| Dates associated with a name |
1897-1975. |
| 600 10 - SUBJECT ADDED ENTRY--PERSONAL NAME |
| Personal name |
Farrakhan, Louis. |
| 610 20 - SUBJECT ADDED ENTRY--CORPORATE NAME |
| Corporate name or jurisdiction name as entry element |
Nation of Islam (Chicago, Ill.) |
| 650 #0 - SUBJECT ADDED ENTRY--TOPICAL TERM |
| Topical term or geographic name entry element |
African American Muslims |
| General subdivision |
History. |
| 650 #0 - SUBJECT ADDED ENTRY--TOPICAL TERM |
| Topical term or geographic name entry element |
African Americans |
| General subdivision |
Religion |
| -- |
History. |
| 651 #0 - SUBJECT ADDED ENTRY--GEOGRAPHIC NAME |
| Geographic name |
United States |
| General subdivision |
Race relations |
| -- |
History. |
| 856 41 - ELECTRONIC LOCATION AND ACCESS |
| Materials specified |
Table of contents |
| Uniform Resource Identifier |
<a href="http://www.loc.gov/catdir/toc/ecip0517/2005022975.html">http://www.loc.gov/catdir/toc/ecip0517/2005022975.html</a> |
| 906 ## - LOCAL DATA ELEMENT F, LDF (RLIN) |
| a |
7 |
| b |
cbc |
| c |
orignew |
| d |
1 |
| e |
ecip |
| f |
20 |
| g |
y-gencatlg |
| 942 ## - ADDED ENTRY ELEMENTS (KOHA) |
| Source of classification or shelving scheme |
Dewey Decimal Classification |
| Koha item type |
Books |